00357 a2200145 450000100060000002000180000604000240002410000240004824000370007224500320010930000060014136200090014744000140015665000410017047149 a9788599306505 cAnchieta - Aquarius aLima, Heloisa Pires10a!Lendas da África modernalpor10a!Lendas da África moderna a 0 a2010 1aElementar 4aFolclore / Adivinhações / Lendas